| 000 | 00526nam a2200145 i 4500 | ||
|---|---|---|---|
| 001 | 182480 | ||
| 003 | ES-MaACL | ||
| 005 | 20230906221624.0 | ||
| 008 | 130826s1881 sp |||| | spa d | ||
| 110 | 2 |
_aSociedad Económica de Amigos del País (Montilla) _9153318 |
|
| 245 | 1 | 0 |
_aEstatutuos y reglamento para su ejecución de la Sociedad Económica de Amigos del País de Montilla / _c. |
| 260 |
_a[S.l. : _bs.n., _c1881] ( _fImp. y Lit. del diario de Córdoba) |
||
| 300 |
_a18 p. ; _c20 cm. |
||
| 852 |
_aES-MaACL _jT-360-F-23 |
||
| 999 |
_c182480 _d182480 |
||